| 000 | 004730000a22001690004500 | ||
|---|---|---|---|
| 020 | _a0-89922-077-0 | ||
| 041 | 0 | _aSPA | |
| 082 | 0 | 4 | _aR 220.7 A374m |
| 245 | 1 | 0 | _aManual bíblico ilustrado / David Alexander, Pat Alexander, Compiladores; W. Dayton Roberts, Traductor. |
| 250 | _a3 | ||
| 260 | _aMiami, FL, USA : Caribe | ||
| 300 | _a680 Pág. | ||
| 500 | _aTítulo original : Lion handbook to the Bible | ||
| 650 | 1 | 4 | _aBIBLIA - COMENTARIOS |
| 001 | 746 | ||
| 942 | _cBK | ||
| 999 |
_c32199 _d32199 |
||